00386ntaaa2200157 45000030003000000050017000030080021000200400037000410820018000781000026000962450018001222500010001402600045001503000010001956500023002050120251027202759.00714s1973 ag 01  aAR-BaBNbspacAR-BaBNeaacrdRIC a822.3300 S527 aShakespeare, William  aTwelfth night a1 ed. aNew York : bHenry Holt Company, cs.f. a130 p aliteratura inglesa